[Event "Olympiad-31"]
[Site "Moscow"]
[Date "1994.12.01"]
[Round "1.1"]
[White "Timman, Jan H"]
[Black "Magomedov, Magaram"]
[Result "1-0"]
[WhiteElo "2635"]
[BlackElo "2450"]
[Annotator "Notkin,M"]
[PlyCount "112"]
[EventDate "1994.12.01"]
[EventType "team-swiss"]
[EventRounds "14"]
[EventCountry "RUS"]
[SourceTitle "CBM 045"]
[Source "ChessBase"]
[SourceDate "1995.04.01"]
[SourceVersion "1"]
[SourceVersionDate "1995.04.01"]
[SourceQuality "1"]
[WhiteTeam "Netherlands"]
[BlackTeam "Tajikistan"]
[WhiteTeamCountry "NED"]
[BlackTeamCountry "TJK"]

1. d4 {Hecht} d5 2. c4 e6 3. Nc3 c5 4. cxd5 exd5 5. Nf3 Nc6 6. g3 Nf6 7. Bg2
Be7 8. O-O O-O 9. Bg5 cxd4 10. Nxd4 h6 11. Be3 Re8 12. Rc1 Bg4 13. h3 Be6 14.
Kh2 Qd7 15. Qc2 (15. Nxc6 bxc6 16. Na4 Bf5 17. Bc5 Bd8 $1 18. Bd4 Ne4 $10 {
Zuger,B-Kasparov,G/Zurich/1987/1987/0:1/41/}) (15. Qa4 a6 16. Nxc6 bxc6 17.
Rfd1 Qb7 $6 (17... Bf5 $5 18. Bd4 Qe6) 18. Bd4 Nd7 19. e4 $16 {Novikov,
I-Schwaegh,B/Bern/1994/1:0/61/}) 15... Rac8 (15... Red8 $6) (15... Ne5 $5) 16.
Rfd1 Bf8 17. a3 (17. Qa4 a6 18. Nxc6 bxc6 $1 (18... Rxc6 19. Bd4 b5 20. Qb3 Qd8
$14) 19. Qxa6 Bf5 $44) 17... Kh8 $2 (17... Ne5 $2 18. Nxe6 fxe6 19. Bxa7) (
17... Red8 18. Qa4 Qe8 $14) 18. Qa4 a6 19. Nxc6 Qxc6 $6 (19... bxc6 20. Qxa6
Bf5 21. Qa4 $16) (19... Rxc6 20. Bd4 b5 21. Qc2 $14) 20. Qh4 $1 $16 {/\Nd5,/
\Bh6/} Qc4 (20... Be7 21. Nxd5 Nxd5 22. Rxc6 Bxh4 23. Rxc8 Rxc8 24. Bxd5 $16
Rd8 25. Bxe6 Rxd1 26. Bb3 $18) 21. Ne4 $1 Nxe4 (21... Qa4 22. Rd4) 22. Rxc4
Rxc4 23. Rd4 Be7 24. Qh5 Nf6 25. Qf3 Rc2 26. Rd2 Rc4 27. Bd4 Ne4 28. Rd1 Kg8
29. Qe3 Nd6 30. Be5 (30. Qe5 $2 Nf5 $1 $13) 30... Ne4 31. Bd4 Nd6 32. Bxd5 Bxd5
33. Qe5 Rxd4 34. Rxd4 Bc6 35. Rxd6 Bxd6 36. Qxd6 Rxe2 37. Qd8+ Re8 38. Qd4 $16
{Hecht: To win this postion, White has to create a black P-weakness. That's
the reason, that he will push his pawns foreward.} g6 (38... f6 $5) 39. Qd2 h5
40. g4 hxg4 41. hxg4 Kf8 42. Kg3 Ke7 (42... Kg8 $1 {Hecht} 43. f4 f5 $5 {
nebst Te6 und evtl. Le4; oder 43...f6!? Festung? - Analyse!}) 43. Qg5+ Kd7 (
43... Kf8 44. Qf6 {/\Kh4-g5-h6/}) 44. Qf6 Bd5 (44... Re7 {Hecht} 45. Kh4 Ke8
46. Kg5 Re6 47. Qh8+ Ke7 48. f4 $36) 45. Qd4 Kd6 46. Qf4+ Kd7 47. Qd4 Kd6 48.
b4 Rc8 49. Qf6+ Kd7 50. Qe5 Kc6 (50... Be6 $5 {Hecht} 51. f4 Rc6 52. f5 gxf5
53. gxf5 Bc4 {Idee: b5}) 51. a4 Be6 (51... b5 52. a5 $18) 52. f4 b6 (52... Kb6
$5 {Hecht} 53. f5 gxf5 54. gxf5 Ba2 55. Qe3+ $16) (52... b5 $2 {Hecht} 53.
axb5+ axb5 54. Qc5+ $18) (52... Kd7 {Hecht} 53. f5 gxf5 54. gxf5 Bc4 55. Qd4+
Ke7 56. f6+ $18 Kf8) 53. Qe4+ Bd5 54. Qd3 Ra8 (54... b5 {Hecht} 55. a5 Kd6 56.
Qd4 Rc4 (56... Rc6 57. Qe5+ $18) 57. Qe5+ Kc6 58. Qb8 $18 Kd7) 55. b5+ Kd6 (
55... axb5 {Hecht} 56. Qxb5+ Kd6 57. Qxb6+ Bc6 58. a5 $18) 56. bxa6 Kc5 (56...
Kc5 57. Qb5+ $18) 1-0

[Event "NED-ch51"]
[Site "Amsterdam"]
[Date "1996.06.13"]
[Round "6"]
[White "Timman, Jan H"]
[Black "Van der Wiel, John"]
[Result "1-0"]
[WhiteElo "2620"]
[BlackElo "2535"]
[Annotator "Stohl,I"]
[PlyCount "95"]
[EventDate "1996.06.07"]
[EventType "tourn"]
[EventRounds "11"]
[EventCountry "NED"]
[EventCategory "11"]
[SourceTitle "CBM 054"]
[Source "ChessBase"]
[SourceDate "1996.10.01"]
[SourceVersion "1"]
[SourceVersionDate "1996.10.01"]
[SourceQuality "1"]

1. e4 {Bykhovsky,Av} c5 2. Nf3 Nc6 3. Bb5 g6 4. O-O Bg7 5. Re1 (5. c3 Nf6 (5...
e5 $6 6. d4 $1 $44) 6. e5 (6. Re1 O-O 7. d4 cxd4 8. cxd4 d5 9. e5 Ne4 $10) 6...
Nd5 7. d4 cxd4 8. cxd4 O-O 9. Nc3 Nc7 10. Bg5 h6 11. Bh4 g5 12. Bg3 Nxb5 13.
Nxb5 a6 14. Nc3 d6 15. d5 $6 Nxe5 16. Nxe5 dxe5 17. Re1 f6 18. Qb3 Kh8 19. Rad1
b5 20. f3 Qc7 21. Rc1 f5 22. Ne4 Qb6+ 23. Nc5 Qd6 24. Bf2 Rd8 25. Rcd1 Rb8 $17
{Adams,M-Illescas,M/Madrid/1996/}) 5... Nf6 (5... e5 $6 6. Bxc6 bxc6 7. b4 $5
cxb4 8. a3 c5 9. axb4 cxb4 10. d4 exd4 11. Bb2 $1 d6 12. Nxd4 Qd7 13. Nd2 Bb7
14. Nc4 Nh6 15. Nf5 $1 Bxb2 16. Ncxd6+ Kf8 17. Nxh6 f6 18. Ndf7 Qxd1 19. Raxd1
Ke7 20. Nxh8 Rxh8 21. Nf5+ $3 $18 {Fischer,J-Spassky,B/Sveti Stefan (11)/1992/}
) 6. e5 Nd5 7. Nc3 (7. d3 O-O 8. Nbd2 d6 9. Bxc6 bxc6 $10) 7... Nc7 (7... Nxc3
$6 8. dxc3 O-O 9. Bg5 $36) 8. Bxc6 (8. Bc4 O-O {[%cal Rd7d5] /\d5 loses a
tempo and favours Black.}) 8... dxc6 (8... bxc6 9. d4 $1 (9. Ne4 Ne6 10. d3 O-O
$10) 9... cxd4 10. Qxd4 Ne6 11. Qh4 $14 {()@ Black's B-pair is still passive
and White's central space advantage is a more important factor.}) 9. Ne4 $1 (9.
h3 O-O 10. d3 b6 11. Be3 Ne6 12. Qd2 Nd4 13. Qd1 h6 14. Bf4 Be6 15. Nd2 Bd5 16.
Ne2 Qd7 17. c3 Nf5 18. Qc2 Rad8 19. Rad1 Nh4 20. f3 g5 21. Bh2 Ng6 22. Nc1 f5
$1 $17 {Timman,J-Van der Wiel,J/Brussels 5'/1987/}) 9... b6 $1 {Black wants to
develop (and exchange) his Bc8 before he puts his N to e6. Now he achieves
this despite losing the right to castle.} (9... Ne6 $6 10. d3 O-O 11. Be3 b6
12. Qd2 Nd4 (12... f5 13. exf6 exf6 14. Bh6 $36 {[%csl Rg7,Rh6]}) 13. Nxd4 cxd4
14. Bh6 $14 {[%csl Rg7,Rh6] sowes White's idea-after the exchange of Bg7
Black's weakened >> gives him attacking chances.}) 10. Nf6+ Kf8 11. Ne4 Bg4 (
11... h6 $5 $13) 12. d3 $1 (12. Nc3 Ne6 13. h3 Bxf3 14. Qxf3 Nd4 $15) (12. h3
Bxf3 13. Qxf3 Ne6 14. d3 Qd5 15. Bd2 Rd8 16. Bc3 Bxe5 17. Nxc5 Qxf3 18. Nxe6+
fxe6 $15 {Glek,I-Wells,P/Wijk Sonnevanck/1995/}) 12... Qd5 $5 $146 {N/} (12...
Bxe5 $2 13. Nxe5 $3 Bxd1 14. Bh6+ Kg8 (14... Ke8 15. Nxc6 f5 16. Raxd1 $1 $18 {
Black's Q is trapped due to the N forks nd he will stay at least a pawn down
in a hopeless endgame.}) 15. Nxc6 Bxc2 (15... Qd7 16. Nf6+ exf6 17. Ne7+ Qxe7
18. Rxe7 Nd5 19. Rd7 $18 {[%csl Rg8,Rh8] White gets his piece back and the
endgame with the paalyzed duo Kg8,Rh8 is lost.}) 16. Nxd8 $1 (16. Nc3 $2 e6 17.
Nxd8 Rxd8 18. Bg5 Kg7 19. Bxd8 Rxd8 20. Rac1 Bxd3 21. Red1 e5 22. Re1 Re8 23.
b3 Nb5 $10 {1/2,Timman,J-Kramnik,V/Riga/1995/}) 16... Rxd8 17. Nxc5 $1 bxc5 (
17... e6 18. Rac1 $18) 18. Rxe7 Ne6 19. Rxa7 {[%csl Ga2] +/-/+- Till Black's
pieces get out of the box, the aP will make the running.}) (12... Bxf3 $6 13.
Qxf3 Bxe5 14. Nxc5 $1 (14. Ng5 Bf6 15. Qxc6 Kg7 $10) 14... Bg7 (14... Qd6 $2
15. Rxe5 $16) 15. Ne6+ Nxe6 16. Rxe6 c5 17. Bg5 $1 $40) (12... Ne6 $1 13. Ned2
Qd5 14. h3 Bxf3 15. Nxf3 Rd8 16. Qe2 h6 17. Be3 Kg8 18. c4 Qxd3 19. Qxd3 Rxd3
20. Rad1 Rxd1 21. Rxd1 f5 22. exf6 Bxf6 23. Rd7 Kf7 24. Rxa7 Bxb2 25. Rb7 Ra8
26. Rxb6 Rxa2 27. Rxc6 Ra1+ 28. Kh2 Ra4 $10 {Lutz,C-Piket,J/Wijk/1995/}) 13. c4
(13. Ned2 $6 {is strategically sound, (see previous game) but fails to} Bxe5 $1
14. c4 Qd6 15. Ne4 Qe6 $1 (15... Qd8 $2 16. Nxe5 $1 $18) 16. Bh6+ Bg7 17. Nxc5
Qf6 (17... Qf5 $5) 18. Ne4 Bxf3 19. Nxf6 Bxd1 20. Nd7+ Kg8 21. Bxg7 Kxg7 22.
Raxd1 Ne6 $15) 13... Qd7 (13... Bxf3 14. Qxf3 Qxe5 $2 15. Bf4 $18) 14. h3 Bxf3
15. Qxf3 h6 $1 (15... Ne6 $6 16. Ng5 $1 Nxg5 17. Bxg5 {[%cal Re5e6] /\e6} Qe6
18. a3 h6 19. Bf4 {/\b4@ Black must realize his R are still out of play and he
dare not open the game prematurely.}) (15... Bxe5 {Bykhovsky,Av} 16. Nxc5 $16)
16. Bd2 Rd8 17. Bc3 Ne6 (17... Qxd3 $4 18. Rad1 $18) 18. Rad1 Kg8 19. h4 $6 {
Probably useless, as Black has to play h5,Bh6 and Kg7 anyway. It also weakens
the white squares around White's K (see move 30). White should have played} (
19. a3 $1 {without losing a tempo.} a5 20. b3 h5 (20... Kh7 21. h4 $1 $36 {
[%cal Rh4h5] /\h5} (21. Qxf7 Rhf8 22. Nf6+ exf6 23. Qxd7 Rxd7 24. exf6 Bxf6)
21... h5 $2 22. Qxf7 Rhf8 23. Qxe6 $1 Qxe6 24. Ng5+ $18) 21. Bb2 $14) 19... h5
20. a3 a5 21. b3 Bh6 (21... Kh7 $5 {/\Rhf8+/=/}) 22. Bb2 $5 (22. b4 $6 axb4 23.
axb4 cxb4 24. Bxb4 (24. Bb2 c5 $17) 24... Nd4 25. Qg3 Nc2 26. e6 Qxe6 27. Ng5
Qg4 28. Qxg4 hxg4 29. Bxe7 Re8 30. Re2 Nd4 31. Re4 Bg7 $15) (22. Re2 $5 $13 {
[%cal Ye2b2,Yb3b4] /\Rb2,b4}) 22... Qc7 {A necessary move anyway. After} (22...
Kg7 23. b4 axb4 24. axb4 Rhf8 $2 {loses to} 25. bxc5 bxc5 26. Nxc5 $1 Nxc5 27.
e6+) 23. b4 axb4 24. axb4 Kg7 (24... cxb4 $6 25. d4 $40 {[%csl Gc4,Gd4,Ge4,Ge5]
[+]}) 25. b5 $5 (25. bxc5 bxc5 {and the doubled pawn covers a lot of central
squares.} 26. Ba3 $2 {is impossible due to} Nd4 {[%cal Rd4c2] /\Nc2}) 25...
cxb5 (25... Nd4 $6 26. Bxd4 Rxd4 27. Nc3 $1 $16 {Black just can't exchange
such a strong blockading piece without good reason.}) (25... Rhf8 $5 26. Nc3 $1
(26. bxc6 Qxc6 {and the white N will not get to b5, from where it controls d4.}
) (26. Nd6 $2 Kg8 {is just a loss of time.}) 26... Nd4 (26... cxb5 {transposes
to the game.}) 27. Qg3 $5 (27. Qe4 e6 $1 (27... cxb5 28. Nd5 Qc6 29. Bxd4 cxd4
(29... e6 30. Nc3 Qxe4 31. Rxe4 b4 32. Nb5 $16) 30. Nxe7 Qxe4 31. Rxe4 bxc4 32.
dxc4 $14) 28. bxc6 Qxc6 29. Qxc6 Nxc6 30. Nb5 Rd7 $10) 27... cxb5 28. Nd5 Qb7
29. e6 f6 30. Bxd4 cxd4 31. Rb1 bxc4 32. dxc4 $36) 26. Nd6 $1 Rhf8 27. Nxb5 Qc8
$10 28. Qe4 Kh7 (28... Qa8 $5 29. Qxa8 Rxa8 30. d4 cxd4 31. Nxd4 Nxd4 32. Bxd4
Rfc8 33. e6+ Kf8 $10) 29. Ra1 $6 {Gives Black active possibilities. More
prudent was} (29. g3 $10) (29. g3 $1 Qa8 30. Qxa8 Rxa8 31. Ra1 $16) 29... Nf4
30. Ra3 $8 Qg4 $1 (30... Qf5 $5 31. Qxf5 gxf5 32. Rd1 Ng6 33. g3 f4 $36) 31. d4
$8 (31. g3 $2 Nxd3 $1 $17) 31... cxd4 32. Rg3 Qxh4 $2 (32... Qc8 $142 $1 33.
Nxd4 (33. Bc1 Ne6 $17) 33... Qxc4 34. Rf3 $1 Ne6 (34... Nd5 $2 35. Ne6 $1 $14)
35. Nc6 Qxe4 36. Rxe4 Rd7 37. Rb4 Rb7 38. Rfb3 $10 {White just about manages
to get his pawn back and scrape a draw.}) (32... Qe6 33. Bc1 $6 (33. Nxd4 {
-32...Qc8 33.Nxd4.}) 33... Qxc4 34. Na3 Qb4 35. Nc2 Qa4 (35... Qc5 $17) 36. Ra3
Qc4 $17) 33. Nxd4 {[%cal Rd4f3] /\Nf3} e6 $8 34. Nf3 (34. Ba3 $2 Rxd4 $1 35.
Qxd4 Ne2+ $19) 34... Qe7 35. Ba3 $1 Qd7 (35... Qxa3 36. Ng5+ $18) 36. Bxf8 Rxf8
37. Ng5+ Bxg5 38. Rxg5 $18 {[%csl Rf4] פf4} Qd2 (38... Nd3 39. Rxh5+ Kg7 40.
Rh3 $1 Nxe1 41. Qh4 $18) 39. Rg3 (39. Re3 $6 Ne2+ $132) 39... Kg7 40. Ree3 h4
$8 41. Rgf3 (41. Rg4 $4 Qd1+) 41... Nh5 42. Qxh4 {White has an extra exchange
and also attacking chances. The game is over.} Qc1+ 43. Kh2 Rh8 44. Rh3 {/\g4+-
} Ra8 $8 {[%cal Ra8a1] /\Ra1} 45. Rc3 Qf1 46. Ra3 $1 Rc8 (46... Rxa3 47. Rxa3
Qe2 48. Qd4 $18 {[%cal Rg2g4,Ra3b3,Rb3b6] /\g4,Rb3-b6}) 47. Rhf3 Qe2 (47...
Rxc4 48. Qe7 $18) (47... Rh8 48. Rxf7+ $1 Kxf7 49. Ra7+ $18) 48. Qg5 {[%cal
Rf3f7,Ra3a7,Rg2g4] /\Rf7!,Ra7,g4...} (48. Qg5 Rc5 49. Rxf7+ $18) 1-0

[Event "Koop Tjuchem"]
[Site "Groningen"]
[Date "1996.??.??"]
[Round "1"]
[White "Timman, Jan H"]
[Black "Leko, Peter"]
[Result "1-0"]
[WhiteElo "2590"]
[BlackElo "2630"]
[Annotator "Ftacnik,L"]
[PlyCount "67"]
[EventDate "1996.12.20"]
[EventType "tourn"]
[EventRounds "11"]
[EventCountry "NED"]
[EventCategory "16"]
[SourceTitle "CBM 057"]
[Source "ChessBase"]
[SourceDate "1997.04.01"]
[SourceVersion "1"]
[SourceVersionDate "1997.04.01"]
[SourceQuality "1"]

1. e4 {Petursson} c6 2. d4 d5 3. Nd2 dxe4 4. Nxe4 Nd7 5. Bd3 Ngf6 6. Ng5 e6 7.
N1f3 Bd6 8. Qe2 h6 9. Ne4 Nxe4 10. Qxe4 Nf6 11. Qe2 Qc7 12. Bd2 b6 13. O-O-O
Bb7 14. Kb1 Rd8 15. Rhg1 (15. Rhe1 O-O 16. Ne5 (16. g4 Bf4 17. Ne5 Rxd4 18.
Bxf4 Rxf4 19. h4 $2 (19. Qe3 Nd5) (19. Qd2 $5) 19... c5 20. Qd2 Rd4 21. c3 (21.
g5 $2 Ne4) 21... Rd5 22. Qe2 $2 (22. g5) 22... Rxe5 $1 23. Qxe5 Qxe5 24. Rxe5
Nxg4 25. Ree1 Nxf2 26. Rd2 Nxd3 27. Rxd3 Bd5 $19 {0-1 Adams,M-Speelman,J/New
York PCA-qual (08)/1995 (39)}) 16... c5 17. f4 cxd4 18. g4 Nd5 19. g5 hxg5 20.
Qh5 f5 21. Ng6 Nf6 22. Qxg5 Nh7 23. Qh5 Rf6 24. Rg1 Be4 25. Rg3 {1/2-1/2
Kasparov,G-Epishin,V/Moscow PCA-Intel GP 25'/1995 (36)}) (15. c4 O-O 16. Bc3
Qe7 17. g4 c5 18. Rhg1 Bxf3 19. Qxf3 cxd4 20. Bd2 Nd7 21. Qe4 f5 22. gxf5 Nc5
23. Qe2 exf5 24. Qxe7 Bxe7 25. Bxh6 Rf7 26. Kc2 {Almasi,Z-Adams,M/Groningen 
(04)/1995/1-0 (57)}) 15... c5 (15... Nd5 $142 16. c4 Nf4 17. Bxf4 Bxf4 18. c5 {
Leko}) 16. dxc5 Qxc5 17. a3 a5 (17... O-O 18. g4 Qd5 19. g5 Qxf3 20. gxf6 g6
21. Bxh6 Bxh2 22. Rh1 {Topalov,V-Ivanchuk,V/Las Palmas/1996/}) 18. Be3 Qc7 19.
Bb5+ Ke7 (19... Bc6 $6 20. Nd4 $16) 20. Nd4 {The Ke7 is an important feature
of the position, black has to be quite careful. Der Ke7 ist ein wichtiges
Stellungsmerkmal, Schwarz muß mit Vorsicht spielen.} Bxh2 $6 (20... g6 21. h4
$14) (20... g6 $142) 21. Nf5+ Kf8 (21... exf5 $4 22. Bc5#) 22. Rxd8+ Qxd8 23.
Rd1 Qc7 24. Bd4 e5 (24... exf5 25. Bxf6 gxf6 26. Rd7 Qe5 27. Rxb7 (27. Qc4 Qe1+
28. Ka2 Qe6 29. Rxb7 $18) 27... Qxe2 (27... Rg8 28. Qh5 $16) 28. Bxe2 Rg8 29.
Bf3 $14) 25. Bxb6 $3 (25. Be3 Nd5) 25... Qxb6 26. Rd6 Qc7 27. Qc4 Qb8 (27...
Qxc4 $2 28. Rd8+ Ne8 29. Rxe8#) 28. Rb6 Qc8 (28... e4 29. Bc6 $18) (28... Qa8
29. Nd6 Bd5 30. Qc7 $18) 29. Rxb7 $4 {Spoiling a great game} (29. Bc6 $1 Bxc6 (
29... Qxf5 30. Rxb7 Qe6 (30... Ne8 31. Bxe8 Kxe8 32. Qc7 $18) (30... Ng8 31.
Qc5+) 31. Qxe6 fxe6 32. Rb8+ Ke7 33. Rxh8 $18) (29... Ne4 30. Qxe4 g6 (30...
Bxc6 31. Rxc6 Qd7 32. Qd5 $1 $18) 31. Rxb7 (31. Ng3 $5 {Xe5} Bxg3 32. fxg3 Bxc6
33. Qxe5 Kg8 34. Rb8 $18) 31... Qxf5 32. Qxf5 gxf5 33. Ra7 $18) 30. Qc5+ Kg8
31. Ne7+ $18) (29. Qxc8+ Bxc8 30. Rb8 Kg8 31. Rxc8+ $16 (31. Rxc8+ {Petursson}
Kh7 32. Rxh8+ Kxh8 33. Nd6 $16)) 29... Qxb7 30. Nd6 Qe7 $2 {The young
Hungarian misses a saving tactic} (30... Qa7 31. Qc8+ Ke7 32. Nf5#) (30... Ne4
$3 31. Nxe4 (31. Nxb7 Nd2+ 32. Kc1 (32. Ka2 {Petursson} Nxc4 33. Bxc4 $13)
32... Nxc4 33. Bxc4 Bg1 $19) 31... g6 $15) 31. Qc8+ Ne8 32. Nf5 h5 (32... Qe6
33. Bd7 $18) 33. Nxe7 Kxe7 34. Qd7+ (34. Qd7+ Kf6 35. Qd8+ Kg6 36. Bxe8 $18)
1-0